| 000 | 00434nam a22001697a 4500 | ||
|---|---|---|---|
| 001 | 9869 | ||
| 003 | FISKH | ||
| 005 | 20260310122946.0 | ||
| 008 | 260310b cb ||||| |||| 00| 0 eng d | ||
| 040 |
_aFISKH _beng _cFISKH _dFISKH |
||
| 082 | _a900 | ||
| 100 | _aAnonymous | ||
| 245 |
_alove east timor / _cBy Anonymous |
||
| 300 |
_a24 unnumbered pages : _bcolor illustrations , maps ; _c21 cm . |
||
| 942 |
_2ddc _cBK _n0 |
||
| 999 |
_c9869 _d9869 |
||